Prehľad kontajnerizačných mechanizmov v OS Linux

Uložené v:
Podrobná bibliografia
Hlavný autor: Pecková, Stanislava (Autor)
Ďalší autori: Ploszek, Roderik (Vedúci práce)
Médium: Rukopis Kniha
Jazyk:Slovak
Vydavateľské údaje: Bratislava : STU v Bratislave FEI, 2023
Predmet:
On-line prístup:https://opac.crzp.sk/?fn=detailBiblioFormChildCO2ST&sid=08878EB2E7E37CD0989A76C0752B&seo=CRZP-detail-kniha
Tagy: Pridať tag
Žiadne tagy, Buďte prvý, kto otaguje tento záznam!

MARC

LEADER 00000ntm a22000003a 4500
001 stuzp92314
003 SK-STU
005 20241113130845.5
007 ta
008 150427s2015----xo-----f-mn---000-0-slo-d
040 |a STU  |b slo 
041 0 |a slo 
044 |a xo 
100 1 |a Pecková, Stanislava  |u 035000  |4 aut  |U FEI Fakulta elektrotechniky a informatiky  |T FEI Ústav informatiky a matematiky  |X 111412  |U E050  |Y 816  |7 111412 
242 0 1 |a Container mechanisms in Linux OS  |y eng 
245 1 0 |a Prehľad kontajnerizačných mechanizmov v OS Linux 
260 |a Bratislava :  |b STU v Bratislave FEI,  |c 2023 
300 |a 93 s., príl. 
650 4 |a kontajnerizácia  |2 slo 
650 4 |a Linux  |2 slo 
650 4 |a Docker  |2 slo 
650 4 |a containerization  |2 eng 
650 4 |a Linux  |2 eng 
650 4 |a Docker  |2 eng 
700 1 |a Ploszek, Roderik  |u 035000  |k Z8  |4 ths  |U FEI Fakulta elektrotechniky a informatiky  |T FEI Ústav informatiky a matematiky  |X 72983  |U E050  |Y 816  |7 72983 
856 4 |u https://opac.crzp.sk/?fn=detailBiblioFormChildCO2ST&sid=08878EB2E7E37CD0989A76C0752B&seo=CRZP-detail-kniha